[Event "II Abierto Int Villa de Albox"]
[Site "?"]
[Date "2001.07.26"]
[Round "8"]
[White "Cardenas, Joaquin"]
[Black "Gomez, Juan Mario"]
[Result "0-1"]
[WhiteElo "2265"]
[BlackElo "2501"]
[PlyCount "146"]
[EventDate "2001.07.24"]

1. e4 c5 2. Nc3 d6 3. f4 Nc6 4. Nf3 g6 5. Bb5 Bd7 6. O-O Bg7 7. d3 e6 8. Bd2
Nge7 9. Qe1 O-O 10. Rc1 a6 11. Bxc6 Nxc6 12. e5 f5 13. exd6 Qb8 14. Na4 Qxd6
15. Nb6 Rad8 16. Nc4 Qd5 17. a4 b5 18. axb5 axb5 19. Nce5 Nxe5 20. Nxe5 Bc6 21.
Nxc6 Qxc6 22. Bc3 Bxc3 23. Qxc3 b4 24. Qb3 Qd5 25. Qxd5 Rxd5 26. Rfe1 Kf7 27.
b3 Ra8 28. Ra1 Rdd8 29. Kf2 Ke7 30. Ke3 h6 31. h4 Kd6 32. Kd2 Rg8 33. Rad1 g5
34. fxg5 hxg5 35. h5 35... Rh8 { } 36. g4 fxg4 37. Rh1 Raf8 38. Rdg1 Rf2+ 39.
Kc1 Rf4 40. Rg3 Rh6 41. Re3 Rf3 42. Re4 Rh3 43. Rd1 e5 44. Rxg4 R3xh5 45. Rdg1
Rg6 46. R1g2 Ke6 47. Rc4 Kd5 48. Rcg4 Rg7 49. Kd2 Ke6 50. Rc4 Rc7 51. Re4 Rf7
52. Rc4 Kd5 53. Rcg4 Rf5 54. Ke2 Rh4 55. Rxg5 Rxg5 56. Rxg5 Kd4 57. Kd2 Rh2+
58. Kd1 Rh1+ 59. Kd2 Rh2+ 60. Kd1 Kc3 61. Rxe5 Rd2+ 62. Ke1 Rxc2 63. Rxc5+ Kxd3
64. Rd5+ Kc3 65. Kd1 Rh2 66. Rc5+ Kxb3 67. Rc8 Kb2 68. Rb8 b3 69. Rc8 Rh6 70.
Rd8 Kb1 71. Kd2 b2 72. Ra8 Rd6+ 73. Ke2 Rd5 0-1

[Event "II Abierto Int Villa de Albox"]
[Site "?"]
[Date "2001.07.26"]
[Round "8"]
[White "Janev, Eugeni"]
[Black "Ferron, Carlos"]
[Result "1-0"]
[WhiteElo "2493"]
[BlackElo "2287"]
[PlyCount "111"]
[EventDate "2001.07.24"]

1. e4 e5 2. Nf3 Nc6 3. c3 d5 4. Qa4 Bd7 5. exd5 Nd4 6. Qd1 Nxf3+ 7. Qxf3 Nf6 8.
Bc4 Bd6 9. d3 h6 10. Nd2 Qe7 11. Ne4 O-O-O 12. Bd2 Kb8 13. h3 Nxe4 14. dxe4 f5
15. exf5 e4 16. Qe2 Bxf5 17. O-O-O Rhf8 18. Rhf1 Bh7 19. Bb3 Qf7 20. Be3 Qg6
21. g3 Qe8 22. Qc4 Qe7 23. Bc2 g5 24. Rfe1 Rde8 25. Ba4 Rd8 26. Bc6 Bf5 27. Rd4
Bc5 28. Qb3 Bb6 29. g4 Bc8 30. Bb5 Bxd4 31. Bxd4 Qd6 32. Bc4 Rfe8 33. a4 b6 34.
Bb5 Bd7 35. Bf1 Bc8 36. c4 c5 37. Be3 a5 38. Bg2 Ka7 39. Rh1 Re7 40. h4 Bxg4
41. hxg5 h5 42. Qc3 Qe5 43. Qd2 Rh8 44. Rh4 Ka6 45. Kb1 Rf8 46. Ka2 Rh8 47. Qc2
Rf8 48. Qb3 Qd6 49. Bh3 Bxh3 50. Rxh3 Rh8 51. Rh4 Qe5 52. Rf4 { } 52... h4 53.
Bxc5 Rb7 54. Rf7 Rh7 55. Qb5+ Ka7 56. Qxb6+ 1-0

[Event "II Abierto Int Villa de Albox"]
[Site "?"]
[Date "2001.07.26"]
[Round "8"]
[White "Lopez, Jose M"]
[Black "Asensio, Fermin"]
[Result "1-0"]
[WhiteElo "2448"]
[BlackElo "2112"]
[PlyCount "58"]
[EventDate "2001.07.24"]

1. d4 d5 2. c4 e6 3. Nf3 c6 4. Qc2 Nd7 5. g3 Ngf6 6. Bg2 Bb4+ 7. Bd2 Bd6 8. O-O
O-O 9. Rd1 Ne4 10. Bf4 Bxf4 11. gxf4 f5 12. e3 Kh8 13. Nbd2 Ndf6 14. Ne5 Nxd2
15. Rxd2 Bd7 16. Kh1 Be8 17. Bf3 Nd7 18. Rg1 Nxe5 19. fxe5 f4 20. e4 Bg6 21.
Rdd1 Qh4 22. Rde1 Rad8 23. cxd5 cxd5 24. Rxg6 hxg6 25. exd5 g5 26. dxe6 26...
g4 27. Rg1 { } 27... g3 28. fxg3 fxg3 29. Rxg3 Rxf3 1-0

[Event "II Abierto Int Villa de Albox"]
[Site "?"]
[Date "2001.07.26"]
[Round "8"]
[White "Korneev, Oleg"]
[Black "Barria, Daniel"]
[Result "1-0"]
[WhiteElo "2572"]
[BlackElo "2352"]
[PlyCount "47"]
[EventDate "2001.07.24"]

1. e4 e5 2. Nf3 Nf6 3. d4 Nxe4 4. Bd3 d5 5. Nxe5 Nd7 6. Nxd7 Bxd7 7. O-O Bd6 8.
Nc3 Nxc3 9. bxc3 h5 10. Re1+ Kf8 11. Be3 Qh4 12. g3 Qf6 13. h4 Bg4 14. Qb1 { }
14... Re8 15. Qxb7 Qf3 16. Bg5 Rxe1+ 17. Rxe1 g6 18. Re3 Qd1+ 19. Kg2 Kg7 20.
Qxd5 f6 21. Bxf6+ Kxf6 22. Qg5+ Kg7 23. Qxg6+ Kf8 24. Re8# 1-0

[Event "II Abierto Int Villa de Albox"]
[Site "?"]
[Date "2001.07.26"]
[Round "8"]
[White "Suba, Mihai"]
[Black "Manolov, Ivan"]
[Result "1-0"]
[WhiteElo "2538"]
[BlackElo "2331"]
[PlyCount "28"]
[EventDate "2001.07.24"]

1. c4 e5 2. Nf3 Nf6 3. Nc3 g6 4. d4 exd4 5. Nxd4 Bg7 6. e4 d6 7. Be2 O-O 8. O-O
Nc6 9. Be3 Bd7 10. f3 a6 11. Nb3 Ne5 12. Kh1 Rc8 13. c5 dxc5 14. Bxc5 14... Nc6
{  Ilegible} 1-0

[Event "II Abierto Int Villa de Albox"]
[Site "?"]
[Date "2001.07.26"]
[Round "8"]
[White "Strikovic, Aleksa"]
[Black "Navarro, Borja"]
[Result "1-0"]
[WhiteElo "2515"]
[BlackElo "2078"]
[PlyCount "59"]
[EventDate "2001.07.24"]

1. Nf3 d5 2. g3 Nf6 3. Bg2 Bf5 4. O-O e6 5. d3 c6 6. Nbd2 Be7 7. Qe1 h6 8. e4
Bh7 9. Qe2 O-O 10. b3 a5 11. a3 Na6 12. Bb2 Nc5 13. Ne5 Nfd7 14. Nxd7 Nxd7 15.
f4 Bf6 16. e5 Be7 17. g4 b5 18. f5 b4 19. axb4 axb4 20. Rxa8 Qb6+ 21. Kh1 Rxa8
22. f6 gxf6 23. exf6 Bd6 24. Nf3 Ra2 25. Bd4 { } 25... Bc5 26. Qe3 Bxd4 27.
Nxd4 Bg6 28. Qxh6 Nxf6 29. Nxe6 Ne8 30. Qf8+ 1-0

[Event "II Abierto Int Villa de Albox"]
[Site "?"]
[Date "2001.07.26"]
[Round "8"]
[White "Minzer, Claudio"]
[Black "De La Paz, Frank"]
[Result "0-1"]
[WhiteElo "2371"]
[BlackElo "2461"]
[PlyCount "44"]
[EventDate "2001.07.24"]

1. d4 Nf6 2. Nf3 g6 3. g3 Bg7 4. Bg2 O-O 5. O-O d6 6. a4 Na6 7. a5 c5 8. Nc3
Nb4 9. dxc5 dxc5 10. Be3 Nd7 11. Qc1 a6 12. Rd1 Qc7 13. Nd2 e6 14. Nc4 Rb8 15.
Na4 Nd5 16. Bxd5 exd5 17. Rxd5 Qc6 18. Nab6 Re8 19. Rd6 Qb5 20. Nxd7 Bxd7 21.
Na3 Qa4 22. c4 22... Bc6 { } 0-1

[Event "II Abierto Int Villa de Albox"]
[Site "?"]
[Date "2001.07.26"]
[Round "8"]
[White "Belezky, Sasha"]
[Black "Hernando Rodrigo, Jose Maria"]
[Result "1/2-1/2"]
[WhiteElo "2398"]
[BlackElo "2333"]
[PlyCount "65"]
[EventDate "2001.07.24"]

1. Nf3 d5 2. g3 Nf6 3. Bg2 Bg4 4. c4 c6 5. b3 Nbd7 6. Bb2 e6 7. O-O Bd6 8. d3
O-O 9. Nbd2 Qe7 10. a3 Rad8 11. Re1 e5 12. h3 Bh5 13. Nh4 Bg6 14. Nxg6 hxg6 15.
Qc2 Rfe8 16. e4 dxe4 17. Nxe4 Nxe4 18. Bxe4 Bc5 19. b4 Bd4 20. Bxd4 exd4 21.
Qd2 Qf6 22. Bg2 Kf8 23. Rxe8+ Rxe8 24. Re1 Rxe1+ 25. Qxe1 25... Qf5 { } 26. Qe4
Qxe4 27. Bxe4 f5 28. Bf3 Ke7 29. h4 Kf6 30. Kf1 g5 31. hxg5+ Kxg5 32. Ke2 Kf6
33. Bg2 1/2-1/2

[Event "II Abierto Int Villa de Albox"]
[Site "?"]
[Date "2001.07.26"]
[Round "8"]
[White "Cano Sanchez, Josue"]
[Black "Lorenzini, Martin"]
[Result "1-0"]
[WhiteElo "2304"]
[BlackElo "2375"]
[PlyCount "169"]
[EventDate "2001.07.24"]

1. Nf3 c5 2. c4 Nc6 3. Nc3 g6 4. a3 Bg7 5. Rb1 a5 6. g3 e5 7. Bg2 Nge7 8. O-O
O-O 9. Ne1 d6 10. Nc2 Be6 11. Ne3 Rb8 12. Ned5 f6 13. d3 Bf7 14. b4 axb4 15.
axb4 Nxd5 16. Nxd5 Nxb4 17. Nxb4 cxb4 18. Rxb4 d5 19. cxd5 Bxd5 20. Rb5 Bc6 21.
Qb3+ Kh8 22. Rb6 Rc8 23. Ba3 Re8 24. Rc1 Qd7 25. Bxc6 bxc6 26. Qc4 Bh6 27. Rc2
Re6 28. Rb7 Qxb7 29. Qxe6 Bg7 30. Rb2 Qa8 31. Be7 Re8 32. Qf7 Rg8 33. Rb6 Qa1+
34. Kg2 Qa7 35. Rb4 Rf8 36. Qe6 Re8 37. Bc5 Rxe6 38. Bxa7 Bf8 39. Rb7 Re7 40.
Rb8 Rxa7 41. Rxf8+ Kg7 42. Rc8 Ra6 43. Rc7+ Kh6 44. h4 { } 44... g5 45. hxg5+
Kxg5 46. Rxh7 Ra2 47. Kf3 Kf5 48. Re7 Rc2 49. e4+ Kg6 50. Ke3 Ra2 51. f4 exf4+
52. gxf4 c5 53. f5+ Kh6 54. Rc7 Ra5 55. Rf7 Ra6 56. Kf4 Rd6 57. Kg4 Rc6 58. Kf4
Rd6 59. Ke3 Ra6 60. Rd7 Ra2 61. Rc7 Ra5 62. Kf4 Rb5 63. Rf7 Rb6 64. Re7 Rb3 65.
Rd7 Ra3 66. Rd5 Rb3 67. e5 Rb4+ 68. Ke3 fxe5 69. Rxc5 Kg5 70. Rxe5 Kf6 71. d4
Rb1 72. Ke4 Re1+ 73. Kd5 Rd1 74. Re8 Kxf5 75. Rf8+ Kg6 76. Ke5 Kg7 77. Rf2 Rc1
78. d5 Rd1 79. Ke6 Rd3 80. d6 Rd1 81. Re2 Kf8 82. d7 Rd3 83. Re5 Rd1 84. Rf5+
Kg7 85. Rd5 1-0

[Event "II Abierto Int Villa de Albox"]
[Site "?"]
[Date "2001.07.26"]
[Round "8"]
[White "Carrasco, Juan"]
[Black "Amate Tortosa, Bernardo"]
[Result "1-0"]
[WhiteElo "2341"]
[BlackElo "1982"]
[PlyCount "63"]
[EventDate "2001.07.24"]

1. d4 d5 2. c4 e6 3. Nc3 Be7 4. Nf3 Nf6 5. e3 Nbd7 6. Bd3 O-O 7. O-O a6 8. b3
dxc4 9. bxc4 c5 10. a4 b6 11. d5 e5 12. Qc2 Bd6 13. Re1 Re8 14. e4 Nf8 15. a5
Bg4 16. Nd2 Ng6 17. axb6 Qxb6 18. Na4 Qc7 19. Nb3 Nf4 20. Be3 Nd7 21. Bf1 Bh5
22. f3 Rec8 23. Qf2 Bg6 24. g3 Nh5 25. Bh3 Nhf6 26. Bd2 Qa7 27. Na5 Re8 28. Nc6
Qc7 29. Ba5 { } 29... Qc8 30. Nb6 Qb7 31. Nxa8 Qxa8 32. Rab1 1-0

[Event "II Abierto Int Villa de Albox"]
[Site "?"]
[Date "2001.07.26"]
[Round "8"]
[White "Canabate, Francisco"]
[Black "Caselas, Jacobo"]
[Result "1/2-1/2"]
[WhiteElo "2125"]
[BlackElo "2328"]
[PlyCount "67"]
[EventDate "2001.07.24"]

1. Nf3 Nf6 2. c4 g6 3. Nc3 Bg7 4. d4 O-O 5. e4 d6 6. Be2 e5 7. dxe5 dxe5 8.
Qxd8 Rxd8 9. Bg5 { } 9... c6 10. Nxe5 Re8 11. f4 h6 12. Bh4 Na6 13. O-O-O Nc5
14. Bf3 Ne6 15. Bg3 h5 16. Nd3 Ng4 17. Rhe1 Nd4 18. e5 Nf5 19. Bxg4 hxg4 20.
Bf2 Be6 21. b3 b6 22. Ne4 Re7 23. Nb4 Rc7 24. Nc2 b5 25. c5 a5 26. Kb2 Bd5 27.
g3 Rd7 28. Nc3 Be6 29. Rxd7 Bxd7 30. Nd4 Nxd4 31. Bxd4 Bf8 32. Ne4 Be7 33. Nd6
Be6 34. Rf1 1/2-1/2

[Event "II Abierto Int Villa de Albox"]
[Site "?"]
[Date "2001.07.26"]
[Round "8"]
[White "Jimenez, Francisco"]
[Black "Sanchez, Rosa"]
[Result "1-0"]
[WhiteElo "2228"]
[BlackElo "1911"]
[PlyCount "141"]
[EventDate "2001.07.24"]

1. d4 e6 2. e4 d5 3. e5 c5 4. Qg4 cxd4 5. Nf3 Nc6 6. Bd3 Bd7 7. O-O Qb6 8. c3
Nge7 9. Qf4 Ng6 10. Bxg6 hxg6 11. Ng5 Nd8 12. cxd4 Be7 13. Nf3 Nc6 14. Nc3 O-O
15. Qg4 Rfc8 16. Nxd5 exd5 17. Qxd7 Rd8 18. Qg4 Qc7 19. e6 Qc8 20. exf7+ Kxf7
21. Qg3 Qf5 22. Bf4 Bf6 23. Rac1 Nxd4 24. Nxd4 Bxd4 25. Rc7+ Rd7 26. Rxd7+ Qxd7
27. Be5 Bxe5 28. Qxe5 Re8 29. Qd4 a6 30. Rd1 Re6 31. h3 Rd6 32. Rd3 Qc6 33. Qe5
Qd7 34. Rd4 Qe6 35. Rf4+ Kg8 36. Qc3 Rc6 37. Qb4 Qd6 38. Qd2 Rc2 39. Qe3 Rc8
40. g3 Qd7 41. Qd3 Rc6 42. h4 Qe6 43. Qd2 Qe5 44. Rd4 Rd6 45. Kg2 Qe6 46. Qg5
Rd7 47. h5 Qf5 48. Qxg6 Qxg6 49. hxg6 { } 49... Rd6 50. f4 Rxg6 51. Rxd5 Rc6
52. Rd2 Kh7 53. Kf3 Rc7 54. Kg4 Kg6 55. Rd6+ Kh7 56. Rb6 Kg8 57. Kg5 Kf7 58. g4
Rc5+ 59. f5 Rc7 60. Kh5 Rd7 61. g5 Rc7 62. g6+ Kg8 63. Rd6 Kf8 64. Rb6 Kg8 65.
Kg5 Kf8 66. Kf4 Re7 67. Rd6 Rc7 68. Rd8+ Ke7 69. Rg8 Kd6 70. Kg5 Kd5 71. Rxg7
1-0

[Event "II Abierto Int Villa de Albox"]
[Site "?"]
[Date "2001.07.27"]
[Round "9"]
[White "Gomez, Juan Mario"]
[Black "Janev, Eugeni"]
[Result "1-0"]
[WhiteElo "2501"]
[BlackElo "2493"]
[PlyCount "107"]
[EventDate "2001.07.24"]

1. d4 Nf6 2. c4 c5 3. d5 b5 4. cxb5 a6 5. bxa6 Bxa6 6. Nc3 d6 7. Nf3 Nbd7 8. e4
Bxf1 9. Kxf1 g6 10. h3 Bg7 11. Kg1 O-O 12. Kh2 Qb6 13. Re1 Rfb8 14. Re2 Ne8 15.
Bg5 Qa6 16. Rc1 Rb7 17. Rcc2 h6 18. Bf4 Nef6 19. Kg1 Rab8 20. Qd2 Kh7 21. e5
dxe5 22. Nxe5 Nxe5 23. Bxe5 Rd8 24. Qf4 Nxd5 25. Nxd5 Rxd5 26. Qxf7 e6 27. Qf4
Bxe5 28. Rxe5 Qxa2 29. Re1 { } 29... Rf5 30. Qd6 Qb3 31. Ree2 Ra7 32. Rxc5 Rxc5
33. Qxc5 Rd7 34. Qe5 Rb7 35. Kh2 h5 36. Qf6 e5 37. Rxe5 Qb4 38. Re6 Rg7 39. Re8
Qc5 40. f4 Qb4 41. Qe5 Qb6 42. f5 gxf5 43. Qxf5+ Qg6 44. Qxg6+ Kxg6 45. b4 Rd7
46. Re2 Rd5 47. Rb2 Rb5 48. Kg3 Kg5 49. Kf3 Kf5 50. Ke3 Ke5 51. Kd3 Kd5 52. Rf2
Ke6 53. Kc4 Rg5 54. Rd2 1-0

[Event "II Abierto Int Villa de Albox"]
[Site "?"]
[Date "2001.07.27"]
[Round "9"]
[White "Del Rio, Salvador"]
[Black "Lopez, Jose M"]
[Result "1/2-1/2"]
[WhiteElo "2484"]
[BlackElo "2449"]
[PlyCount "40"]
[EventDate "2001.07.24"]

1. d4 Nf6 2. c4 g6 3. Nc3 d5 4. Qa4+ Bd7 5. Qb3 dxc4 6. Qxc4 Bg7 7. Nf3 O-O 8.
e3 Na6 9. Qb3 c5 10. Be2 Rb8 11. O-O b5 12. a4 bxa4 13. Qc4 cxd4 14. Nxd4 Nb4
15. e4 e5 16. Ndb5 a6 17. Qxb4 axb5 18. Rd1 Qc7 19. Bg5 Bc6 20. Rac1 20... Qb7
{ } 1/2-1/2

[Event "II Abierto Int Villa de Albox"]
[Site "?"]
[Date "2001.07.27"]
[Round "9"]
[White "Strikovic, Aleksa"]
[Black "Cano Sanchez, Josue"]
[Result "1-0"]
[WhiteElo "2515"]
[BlackElo "2304"]
[PlyCount "71"]

1. e4 e6 2. d4 d5 3. e5 c5 4. c3 Nc6 5. Nf3 Nge7 6. a3 c4 7. Nbd2 Na5 8. h4 Bd7
9. Ng5 h6 10. Nh3 Nc8 11. Nf4 Nb6 12. g3 Ba4 13. Qe2 Qd7 14. Bh3 O-O-O 15. Ng2
h5 16. O-O Re8 17. Nf3 Nb3 18. Rb1 Nxc1 19. Rbxc1 Be7 20. Ng5 Bxg5 21. hxg5 g6
22. Ne3 Kb8 23. Kg2 Nc8 24. Qf3 Ref8 25. Rh1 Ne7 26. g4 Qd8 27. gxh5 Rxh5 28.
Bg4 { } 28... Rxg5 29. Qf6 Nf5 30. Qxd8+ Rxd8 31. Kf3 Nxe3 32. fxe3 Rf8 33. Kf4
f6 34. exf6 Rxg4+ 35. Kxg4 Rxf6 36. Rcf1 1-0

[Event "II Abierto Int Villa de Albox"]
[Site "Albox (Almeria)"]
[Date "2001.07.27"]
[Round "9"]
[White "Gutierrez, Oscar"]
[Black "Belezky, Sasha"]
[Result "0-1"]
[WhiteElo "2149"]
[BlackElo "2398"]
[PlyCount "51"]
[EventDate "2001.07.25"]

{15MB, General.ctg. T2N0T6
} 1. e4 c5 2. Nf3 d6 3. d4 cxd4 4. Nxd4 Nf6 5. Nc3
g6 6. Be2 Bg7 7. Be3 Nc6 8. Nb3 O-O 9. Qd2 Be6 10. Bh6 a5 11. h4 a4 12. Nc1 Qa5
13. h5 a3 14. hxg6 fxg6 15. b4 Nxb4 16. Bxg7 Kxg7 17. Nb3 Bxb3 18. cxb3 Rfc8
19. Bc4 b5 20. Bxb5 Rxc3 21. Qxc3 Qxb5 22. f4 Ra6 23. e5 dxe5 24. fxe5 Re6 25.
Kd1 Rxe5 26. Qc4 0-1

[Event "II Abierto Int Villa de Albox"]
[Site "?"]
[Date "2001.07.27"]
[Round "9"]
[White "Asensio, Fermin"]
[Black "Carrasco, Juan M"]
[Result "1-0"]
[WhiteElo "2112"]
[BlackElo "2341"]
[PlyCount "104"]

1. d4 Nf6 2. Bg5 Ne4 3. Bf4 c5 4. f3 Qa5+ 5. c3 Nf6 6. Nd2 d6 7. e4 Nbd7 8.
dxc5 Qxc5 9. Nb3 Qc7 10. Qd2 e5 11. Be3 Be7 12. Nh3 O-O 13. Be2 b6 14. O-O a5
15. a4 Bb7 16. Rad1 Bc6 17. Ra1 d5 18. exd5 Bxd5 19. Qc2 Rfd8 20. Bb5 Bc4 21.
Bxc4 Qxc4 22. Nd2 Qc6 23. Rfd1 Nc5 24. Nc4 Qe6 25. b3 Nd5 26. Bf2 f6 27. Rab1
Qc6 28. Ne3 Nxe3 29. Bxe3 Ne6 30. Nf2 Bc5 31. Bxc5 Qxc5 32. Kh1 g6 33. Ne4 Qe7
34. Rxd8+ Rxd8 35. Rd1 f5 36. Nf2 Kf7 37. Rxd8 Qxd8 38. h3 Kf6 39. b4 axb4 40.
cxb4 Qd4 41. Nd3 h5 42. Kh2 e4 43. fxe4 fxe4 44. Nf2 e3 45. Ne4+ Ke5 46. Ng3
Qf4 47. Qc3+ Kd6 48. Qd3+ Ke7 49. Qxg6 h4 50. Qh7+ Kf6 51. Qh8+ Ke7 52. Qh7+
52... Kf6 {  Ilegible} 1-0

[Event "II Abierto Int Villa de Albox"]
[Site "?"]
[Date "2001.07.27"]
[Round "9"]
[White "Hernando Rodrigo, Jose Maria"]
[Black "Jimenez, Francisco"]
[Result "1-0"]
[WhiteElo "2333"]
[BlackElo "2228"]
[PlyCount "74"]

1. d4 d5 2. c4 e6 3. Nf3 c5 4. cxd5 exd5 5. e3 Nf6 6. Bb5+ Bd7 7. Bxd7+ Nbxd7
8. Nc3 c4 9. O-O Bd6 10. b3 Rc8 11. bxc4 Rxc4 12. Qb3 Rb4 13. Qc2 Rc4 14. Qd3
Qa5 15. Bd2 Bb4 16. Nb1 O-O 17. Bxb4 Qxb4 18. Nbd2 Rc3 19. Rfb1 Qa3 20. Qf5
Rfc8 21. Ne5 Nxe5 22. dxe5 Ne4 23. Rxb7 Rc1+ 24. Nf1 Qf8 25. Rbb1 R1c2 26. f3
g6 27. Qd7 R8c7 28. Qa4 { } 28... Qh6 29. fxe4 Qg5 30. Ng3 h5 31. exd5 Qxe3+
32. Kh1 R7c4 33. Qe8+ Kg7 34. Rf1 Rf4 35. Rxf4 Qxf4 36. Rf1 Rc1 37. Qb5 Rc4 1-0

[Event "II Abierto Int Villa de Albox"]
[Site "?"]
[Date "2001.07.27"]
[Round "9"]
[White "Ferron, Carlos"]
[Black "Gomez, Salvador"]
[Result "1/2-1/2"]
[WhiteElo "2287"]
[BlackElo "2196"]
[PlyCount "69"]

1. e4 e6 2. d4 d5 3. Nc3 Bb4 4. exd5 exd5 5. Bd3 Ne7 6. Qf3 Nbc6 7. Nge2 Be6 8.
Be3 Qd7 9. h3 Bf5 10. O-O-O Bxd3 11. Rxd3 O-O-O 12. Qxf7 g6 13. Nf4 Bxc3 14.
Rxc3 Nf5 15. Qxd7+ Rxd7 16. g4 Nfxd4 17. Bxd4 Nxd4 18. Rd3 c5 19. c3 { } 19...
Rf8 20. Nxg6 Ne2+ 21. Kd2 Rxf2 22. Ke1 Nf4 23. Nxf4 Rxf4 24. Rh2 d4 25. Rf2
Rxf2 26. Kxf2 dxc3 27. Rxc3 b6 28. b4 Rd2+ 29. Ke3 Rxa2 30. bxc5 b5 31. Kd4 Kc7
32. Rf3 Rd2+ 33. Kc3 Rh2 34. Rf7+ Kc6 35. Rxh7 1/2-1/2

[Event "II Abierto Int Villa de Albox"]
[Site "?"]
[Date "2001.07.27"]
[Round "9"]
[White "Sanchez Jerez, Emilio"]
[Black "Cardenas, Joaquin"]
[Result "0-1"]
[WhiteElo "1812"]
[BlackElo "2265"]
[PlyCount "42"]

1. e4 c5 2. Nc3 Nc6 3. g4 e5 4. Nge2 d6 5. Ng3 g6 6. d3 Nd4 7. Bg2 Be7 8. O-O
h5 9. gxh5 gxh5 10. Nxh5 Nh6 11. Ng7+ Kf8 12. Bxh6 Rxh6 13. Nf5 Bxf5 14. exf5
Bg5 15. Nd5 Nxf5 16. Be4 Ne7 17. Nxe7 17... Qxe7 { } 18. Bf5 Qf6 19. Bg4 Qf4
20. h3 f5 21. Bh5 Qh4 0-1